=LDR 00000nam 2200000 4500 =001 INLIS000000000021394 =005 20130612120246 =008 ***********************************Ind** =035 ##$$0010-061300000021394 =041 ##$$a Ind =082 ##$$a 621.942 =090 ##$$a 621.942, Sya t =100 ##$$a SYAMSUDIN, R =245 ##$$a Teknik Bubut, R. Syamsudin; Penyunting, Tanudi =260 ##$$a 1996 $b Jakarta =300 ##$$a vii, 124 hlm, Ilus, 21 cm =650 ##$$a Teknik Bubut =700 ##$$a TANUDI =850 ##$$a NBPNMAT